| 000 | 00356nam a2200133Ia 4500 | ||
|---|---|---|---|
| 008 | 231017s9999 xx 000 0 und d | ||
| 082 | _a625.85 | ||
| 082 | _bDAV | ||
| 245 | 0 | _aQuality Control: Quality Assurance Manual for Asphalt Concrete Production and Placement | |
| 245 | 0 | _cGray A.Davis | |
| 260 | _bGray A.Davis | ||
| 300 | _c30cm | ||
| 942 | _cREP | ||
| 999 |
_c604668 _d604668 |
||